Hào kiệt Lạc Việt Truyện lịch sử; T1

Spremljeno u:
Bibliografski detalji
Glavni autor: Hàn Thế Dũng
Format: Knjiga
Jezik:Undetermined
Izdano: Hà Nội Công an nhân dân 1998
Teme:
Oznake: Dodaj oznaku
Bez oznaka, Budi prvi tko označuje ovaj zapis!
Thư viện lưu trữ: Trung tâm Học liệu Trường Đại học Cần Thơ
LEADER 00540nam a2200181Ia 4500
001 CTU_27430
008 210402s9999 xx 000 0 und d
082 |a 895.9223081 
082 |b D513/T1 
100 |a Hàn Thế Dũng 
245 0 |a Hào kiệt Lạc Việt 
245 0 |b Truyện lịch sử; T1 
245 0 |c Hàn Thế Dũng 
260 |a Hà Nội 
260 |b Công an nhân dân 
260 |c 1998 
650 |a vietnamese fiction - 20th century 
980 |a Trung tâm Học liệu Trường Đại học Cần Thơ